| 000 | 007160000a22001210004500 | ||
|---|---|---|---|
| 100 | 1 | _aBenito Millan, Claudia Marina. | |
| 245 | 1 | 0 | _aLa formación filosófica como experiencia estética. |
| 300 | _ano.48 (ene. - feb., 2011), p. 50-53 | ||
| 520 | _aEl presente texto expone dos experiencias en aula. en las cuales se privilegia la experiencia estética como experiencia pedagógica y como horizonte de vinculación del análisis y la reflexión filosófica con contextos y entornos múltiples. Se comenta la experiencia que se ha tenido en dos cursos desarrollados en diversos momentos. | ||
| 650 | 1 | 4 | _aPEDAGOGIA - METODOS DE ENSEÑANZA |
| 773 | 0 | _tRevista internacional magisterio : educación y ped | |
| 942 | _cANA | ||
| 999 |
_c63296 _d63296 |
||